Geography Quiz

Random Geography or State Quiz
Score 0/100 Timer 15:00
17 Plays Today
Population City % Correct
7,781,984New York
99.5%
3,550,404Chicago
98.1%
2,479,015Los Angeles
97.7%
763,956Washington
95.6%
1,670,144Detroit
95%
938,219Houston
94.8%
679,684Dallas
94.7%
2,002,512Philadelphia
94.7%
697,197Boston
94.6%
740,316San Francisco
93.7%
627,525New Orleans
92.1%
557,087Seattle
91.5%
487,455Atlanta
90.8%
573,224San Diego
90.5%
939,024Baltimore
90.2%
493,887Denver
89.9%
291,688Miami
89.7%
876,050Cleveland
89.7%
604,332Pittsburgh
89.3%
750,026St. Louis
88.7%
476,258Indianapolis
88.4%
439,170Phoenix
87.9%
475,539Kansas City
87%
121,901Kansas City
87%
482,872Minneapolis
85.4%
587,718San Antonio
85.1%
324,253Oklahoma City
84.2%
471,316Columbus
84.2%
372,676Portland
83.8%
170,874Nashville
83.1%
532,759Buffalo
82.9%
497,524Memphis
82.6%
502,550Cincinnati
82.4%
186,545Austin
82.2%
Population City % Correct
741,324Milwaukee
80.6%
294,194Honolulu
80.3%
144,422Jackson
80%
313,411Saint Paul
79.4%
191,667Sacramento
76.6%
129,726Albany
75.7%
189,454Salt Lake City
74.9%
390,639Louisville
74.3%
201,030Jacksonville
73.8%
405,220Newark
73.8%
274,970Tampa
73.7%
207,498Providence
72.2%
219,958Richmond
72.1%
356,268Fort Worth
71.6%
152,419Baton Rouge
70.3%
301,598Omaha
69.8%
208,982Des Moines
69.3%
201,564Charlotte
68.6%
367,548Oakland
68.2%
204,196San Jose
67.6%
340,887Birmingham
67.6%
276,657El Paso
67.4%
162,178Hartford
65.7%
126,706Madison
65%
128,521Lincoln
63.5%
261,685Tulsa
62.1%
201,189Albuquerque
61.5%
174,463Springfield
61.4%
276,101Jersey City
60.9%
318,611Rochester
59.8%
134,393Montgomery
58.7%
212,892Tucson
58.3%
318,003Toledo
58.2%
216,038Syracuse
57.6%
Population City % Correct
290,351Akron
56.6%
202,779Mobile
55.9%
262,332Dayton
51.7%
149,245Savannah
50.2%
254,698Wichita
49.9%
178,320Gary
48.2%
305,872Norfolk
47.3%
147,979Tacoma
46.6%
133,929Fresno
46.1%
152,048New Haven
45.9%
181,608Spokane
45.4%
196,640Flint
44.3%
163,403Arlington
44.1%
344,168Long Beach
42.8%
181,298Saint Petersburg
42.5%
177,313Grand Rapids
41.6%
161,776Fort Wayne
40.7%
190,634Yonkers
40.2%
186,587Worcester
37.5%
138,440Erie
36.8%
167,690Corpus Christi
35.9%
164,372Shreveport
35%
132,445South Bend
33.6%
156,748Bridgeport
33.6%
119,574Greensboro
31.5%
128,691Lubbock
31.5%
166,689Youngstown
30.5%
130,009Chattanooga
29.4%
137,369Amarillo
28.7%
141,545Evansville
25.6%
126,706Rockford
24.5%
143,663Paterson
23%
Remove Ads.
Support Sporcle.
Get the best of Sporcle when you Go Orange. This ad-free experience offers more features, more stats, and more fun while also helping to support Sporcle. Thank you for becoming a member.

You're not logged in!

Compare scores with friends on all Sporcle quizzes.
OR
Log In

Sporcle TV

Today on Sporcle TV


Watch our educational content, quiz creation guides, and fun videos on Sporcle TV.

Show Comments

Extras

Top Quizzes Today


Score Distribution

Paid Content

Your Account Isn't Verified!

In order to create a playlist on Sporcle, you need to verify the email address you used during registration. Go to your Sporcle Settings to finish the process.

Report this User

Report this user for behavior that violates our Community Guidelines.

Details: